BIBLIOTECA

SENCICO

Construcción de Estructuras de madera (Registro nro. 1115)

Detalles MARC
000 -LEADER
fixed length control field 00678nam a2200265Ia 4500
005 - DATE AND TIME OF LATEST TRANSACTION
control field 20251020182459.0
008 - FIXED-LENGTH DATA ELEMENTS--GENERAL INFORMATION
fixed length control field 200515s9999 xx 000 0 und d
020 ## - INTERNATIONAL STANDARD BOOK NUMBER
International Standard Book Number 978-84-8448-706-7
082 ## - DEWEY DECIMAL CLASSIFICATION NUMBER
Classification number 624.93/B24
100 ## - MAIN ENTRY--PERSONAL NAME
Personal name Basterra Otero, Luis-Alfonso
245 #0 - TITLE STATEMENT
Title Construcción de Estructuras de madera
250 ## - EDITION STATEMENT
Edition statement 2a ed.
260 ## - PUBLICATION, DISTRIBUTION, ETC.
Place of publication, distribution, etc. Valladolid
260 ## - PUBLICATION, DISTRIBUTION, ETC.
Name of publisher, distributor, etc. Universidad de Valladolid
260 ## - PUBLICATION, DISTRIBUTION, ETC.
Date of publication, distribution, etc. 2012
300 ## - PHYSICAL DESCRIPTION
Extent 125 p.
300 ## - PHYSICAL DESCRIPTION
Other physical details il., col., tbl., graf.
490 ## - SERIES STATEMENT
Series statement ARQUITECTURA Y URBANISMO, nº 70
500 ## - GENERAL NOTE
General note 1 ejemplar
650 ## - SUBJECT ADDED ENTRY--TOPICAL TERM
Topical term or geographic name entry element ESTRUCTURAS
650 ## - SUBJECT ADDED ENTRY--TOPICAL TERM
Topical term or geographic name entry element ESTRUCTURAS DE MADERA
650 ## - SUBJECT ADDED ENTRY--TOPICAL TERM
Topical term or geographic name entry element MADERA
942 ## - ADDED ENTRY ELEMENTS (KOHA)
Koha item type Libros
Existencias
Fecha de la última vez que lo usaron Pago total Signatura topográfica completa Código de barras Precio efectivo desde Tipo de documento Estado perdido Estado dañado No es para préstamo Retirado Ubicación permanente Ubicación actual Fecha de adquisición
15/05/2020   624.93/B24 Bib-Lima15051115 15/05/2020 Libros         Biblioteca Central Lima Biblioteca Central Lima 15/05/2020